Fertigungsgerechtes Gestalten im Maschinen und Gerätebu

Salvato in:
Dettagli Bibliografici
Natura: Libro
Lingua:tedesco
Pubblicazione: Stuttgart : BSB Teubner, 1959
Soggetti:
Tags: Aggiungi Tag
Nessun Tag, puoi essere il primo ad aggiungerne!!

MARC

LEADER 00000nam a22000003a 4500
001 stu36040
005 20150408180921.6
008 920520s1959----gw------------------ger-d
040 |a STU  |b slo 
041 0 |a ger 
044 |a gw 
080 |a 621.97 
245 |a Fertigungsgerechtes Gestalten im Maschinen und Gerätebu 
260 |a Stuttgart :  |b BSB Teubner,  |c 1959 
300 |a 114 s 
650 7 |a tvárnenie  |2 stusub 
650 7 |a prístroje  |2 stusub 
996 |b 284M061668  |c M*3053-1  |l MMKN  |s A  |a 24  |w stu36040_0001